| 000 | 00000nam 2200000za 4500 |
| 001 | 9.579023 |
| 003 | CaOODSP |
| 005 | 20221123103645 |
| 007 | cr ||||||||||| |
| 008 | 150406s2001 onc ||||o f000 0 eng d |
| 043 | |an-cn--- |
| 086 | 1 |aYM32-5/00-24E-PDF |
| 100 | 1 |aDunsmuir, Mollie. |
| 245 | 10|aBill S-15, the Tobacco Youth Protection Act |h[electronic resource] / |cMollie Dunsmuir. |
| 260 | |aOttawa : |bParliamentary Research Branch, Library of Parliament, |c2001. |
| 300 | |a1 v. (various pagings). |
| 490 | 1 |a[In brief] ; |vPRB 00-24E |
| 500 | |a"9 February 2001". |
| 500 | |aIssued also in French under title: Projet de Loi S-15, Loi sur la protection des jeunes contre le tabac. |
| 504 | |aIncludes bibliographical references. |
| 590 | |a14-05-Supp|b2014-02-26 |
| 690 | 07|aSmoking|2gcpds |
| 690 | 07|aTobacco industry|2gcpds |
| 690 | 07|aYouth|2gcpds |
| 710 | 1 |aCanada.|bLibrary of Parliament. |bParliamentary Research Branch. |
| 775 | 08|tProjet de Loi S-15, Loi sur la protection des jeunes contre le tabac |w(CaOODSP)9.606700 |
| 830 | #0|aIn brief (Canada. Parliamentary Research Branch : Online)|vPRB 00-24E|w(CaOODSP)9.828982 |
| 856 | 40|ahttp://publications.gc.ca|qPDF|s243 KB|uhttps://publications.gc.ca/collections/collection_2014/bdp-lop/ib/prb0024-eng.pdf|yPRB 00-24E |
| 040 | |aCaOODSP|beng |